| 000 | 00725nam a2200241Ia 4500 | ||
|---|---|---|---|
| 003 | IIN | ||
| 005 | 20240103105900.0 | ||
| 008 | 231217s9999 xx 000 0 und d | ||
| 020 |
_cRs.3699.00 _a9789387963689 |
||
| 040 |
_aIIN _bEnglish |
||
| 082 |
_a611 _bMOO |
||
| 100 | 1 | _aMoore, Keith L | |
| 245 | 1 |
_aClinically Oriented Anatomy _cKeith L, Moore. Arthur F.Dalley and Anne M. R. Agur |
|
| 250 |
_a South Asian Edition _bby S Aruna and M Sivakumar |
||
| 260 |
_bWolters Kluwer _aNew Delhi _c2018 |
||
| 300 | _axxxiii, 403 p. / V.1 | ||
| 650 | 1 |
_aAnatomy _vClinically Oriented |
|
| 700 | 1 | _aDalley, Arthur F | |
| 700 | 1 | _a Agur, Anne M. R | |
| 700 | 1 | _aAruna , S, Ed. | |
| 700 | 1 | _aSivakumar, M, Ed. | |
| 942 | _cBOOK | ||
| 999 |
_c203 _d203 |
||